Normal view
MARC view
Entry Personal Name
001 - CONTROL NUMBER
- control field: 16883
003 - CONTROL NUMBER IDENTIFIER
- control field: ARRUPE
005 - DATE AND TIME OF LATEST TRANSACTION
- control field: 20150401150411.0
008 - FIXED-LENGTH DATA ELEMENTS
- fixed length control field: 150401|| aca||aabn | a|a d
040 ## - CATALOGING SOURCE
- Original cataloging agency: ARRUPE
- Transcribing agency: ARRUPE
100 ## - HEADING--PERSONAL NAME
- Personal name: Parry, David,
- Dates associated with a name: 1908-
670 ## - SOURCE DATA FOUND
- Source citation: Work cat.: (ARRUPE)0: Benedict, Saint, Abbot of Monte Cassino. 1891, The rule of Saint Benedict /, 1990.